<?xml version="1.0" encoding="UTF-8"?>
<record
    xmlns:xsi="http://www.w3.org/2001/XMLSchema-instance"
    xsi:schemaLocation="http://www.loc.gov/MARC21/slim http://www.loc.gov/standards/marcxml/schema/MARC21slim.xsd"
    xmlns="http://www.loc.gov/MARC21/slim">

  <leader>02845cam a2200553 i 4500</leader>
  <datafield tag="999" ind1=" " ind2=" ">
    <subfield code="c">522525</subfield>
    <subfield code="d">522525</subfield>
  </datafield>
  <controlfield tag="001">20697201</controlfield>
  <controlfield tag="003">NUST</controlfield>
  <controlfield tag="005">20181030113321.0</controlfield>
  <controlfield tag="008">181005s2018    pk            100 0durd  </controlfield>
  <datafield tag="010" ind1=" " ind2=" ">
    <subfield code="a">  2018326000</subfield>
  </datafield>
  <datafield tag="020" ind1=" " ind2=" ">
    <subfield code="a">9789697576333</subfield>
  </datafield>
  <datafield tag="025" ind1=" " ind2=" ">
    <subfield code="a">P-U-2018326000; 19</subfield>
  </datafield>
  <datafield tag="035" ind1=" " ind2=" ">
    <subfield code="a">(DLC)20697201</subfield>
  </datafield>
  <datafield tag="035" ind1=" " ind2=" ">
    <subfield code="a">(DLC)2018326000</subfield>
  </datafield>
  <datafield tag="037" ind1=" " ind2=" ">
    <subfield code="b">Library of Congress -- Islamabad Overseas Office</subfield>
  </datafield>
  <datafield tag="038" ind1=" " ind2=" ">
    <subfield code="a">WASEEM</subfield>
  </datafield>
  <datafield tag="040" ind1=" " ind2=" ">
    <subfield code="a">DLC</subfield>
    <subfield code="b">eng</subfield>
    <subfield code="e">rda</subfield>
    <subfield code="c">DLC</subfield>
  </datafield>
  <datafield tag="042" ind1=" " ind2=" ">
    <subfield code="a">lcode</subfield>
  </datafield>
  <datafield tag="043" ind1=" " ind2=" ">
    <subfield code="a">a-pk---</subfield>
  </datafield>
  <datafield tag="050" ind1="0" ind2="0">
    <subfield code="a">BL2035.5.R47</subfield>
    <subfield code="b">B35 2015+</subfield>
  </datafield>
  <datafield tag="066" ind1=" " ind2=" ">
    <subfield code="c">(3</subfield>
    <subfield code="c">(4</subfield>
  </datafield>
  <datafield tag="082" ind1=" " ind2=" ">
    <subfield code="a">297.8</subfield>
    <subfield code="b">MAS</subfield>
  </datafield>
  <datafield tag="111" ind1="2" ind2=" ">
    <subfield code="6">880-01</subfield>
    <subfield code="a">Bainulmas&#x101;lik Ham &#x100;hang&#x12B; aur Afh&#x101;m o Tafh&#x12B;m K&#x12B; &#x1E24;ikmat-i &#x2BB;Aml&#x12B;</subfield>
    <subfield code="d">(2015 :</subfield>
    <subfield code="c">Isl&#x101;m&#x101;b&#x101;d, Pakistan)</subfield>
    <subfield code="9">12446</subfield>
  </datafield>
  <datafield tag="245" ind1="1" ind2="0">
    <subfield code="6">880-02</subfield>
    <subfield code="a">Bainulmas&#x101;lik ham &#x101;hang&#x12B; aur afh&#x101;m o tafh&#x12B;m k&#x12B; &#x1E25;ikmat-i &#x2BB;aml&#x12B; /</subfield>
    <subfield code="c">zer-i id&#x101;rat, Ma&#x2BB;&#x1E63;&#x16B;m Y&#xE1;s&#x12B;nza&#x2BC;&#x12B;, Husunlam&#x12B;n.</subfield>
  </datafield>
  <datafield tag="250" ind1=" " ind2=" ">
    <subfield code="6">880-03</subfield>
    <subfield code="a">T&#x324;aba&#x2BB;-i cah&#x101;ram.</subfield>
  </datafield>
  <datafield tag="264" ind1=" " ind2="1">
    <subfield code="6">880-04</subfield>
    <subfield code="a">Isl&#x101;m&#x101;b&#x101;d :</subfield>
    <subfield code="b">Iqb&#x101;l Bainulaqv&#x101;m&#x12B; Id&#x101;rah bar&#x101;&#x2BC;e Ta&#x1E25;q&#x12B;q va Muk&#x101;lamah,</subfield>
    <subfield code="c">2018.</subfield>
  </datafield>
  <datafield tag="300" ind1=" " ind2=" ">
    <subfield code="a">158 pages ;</subfield>
    <subfield code="c">22 cm</subfield>
  </datafield>
  <datafield tag="336" ind1=" " ind2=" ">
    <subfield code="a">text</subfield>
    <subfield code="b">txt</subfield>
    <subfield code="2">rdacontent</subfield>
  </datafield>
  <datafield tag="337" ind1=" " ind2=" ">
    <subfield code="a">unmediated</subfield>
    <subfield code="b">n</subfield>
    <subfield code="2">rdamedia</subfield>
  </datafield>
  <datafield tag="338" ind1=" " ind2=" ">
    <subfield code="a">volume</subfield>
    <subfield code="b">nc</subfield>
    <subfield code="2">rdacarrier</subfield>
  </datafield>
  <datafield tag="520" ind1=" " ind2=" ">
    <subfield code="a">Two days national conference papers on religious tolerance in Pakistan.</subfield>
  </datafield>
  <datafield tag="546" ind1=" " ind2=" ">
    <subfield code="a">In Urdu.</subfield>
  </datafield>
  <datafield tag="650" ind1=" " ind2="0">
    <subfield code="a">Religious tolerance</subfield>
    <subfield code="z">Pakistan</subfield>
    <subfield code="v">Congresses.</subfield>
    <subfield code="9">12447</subfield>
  </datafield>
  <datafield tag="650" ind1=" " ind2="0">
    <subfield code="a">Religious pluralism</subfield>
    <subfield code="z">Pakistan</subfield>
    <subfield code="v">Congresses.</subfield>
    <subfield code="9">12448</subfield>
  </datafield>
  <datafield tag="650" ind1=" " ind2="0">
    <subfield code="a">Islamic sects</subfield>
    <subfield code="z">Pakistan</subfield>
    <subfield code="v">Congresses.</subfield>
    <subfield code="9">12449</subfield>
  </datafield>
  <datafield tag="700" ind1="1" ind2=" ">
    <subfield code="6">880-05</subfield>
    <subfield code="a">Yasinzai, Masoom,</subfield>
    <subfield code="d">1958-</subfield>
    <subfield code="e">editor.</subfield>
    <subfield code="9">12450</subfield>
  </datafield>
  <datafield tag="700" ind1="1" ind2=" ">
    <subfield code="6">880-06</subfield>
    <subfield code="a">Amin, Husnul,</subfield>
    <subfield code="e">editor.</subfield>
    <subfield code="9">12451</subfield>
  </datafield>
  <datafield tag="710" ind1="2" ind2=" ">
    <subfield code="6">880-07</subfield>
    <subfield code="a">International Islamic University (Isl&#x101;m&#x101;b&#x101;d, Pakistan).</subfield>
    <subfield code="b">Iqbal International Institute for Research &amp; Dialogue.</subfield>
    <subfield code="9">7154</subfield>
  </datafield>
  <datafield tag="880" ind1="2" ind2=" ">
    <subfield code="6">111-01/(3/r&#x200F;</subfield>
    <subfield code="a">&#x200F;&#x628;&#x64A;&#x646;&#x200C;&#x627;&#x644;&#x645;&#x633;&#x627;&#x644;&#x6A9; &#x647;&#x645; &#x622;&#x647;&#x646;&#x6AF;&#x649; &#x627;&#x648;&#x631; &#x627;&#x641;&#x647;&#x627;&#x645; &#x648; &#x62A;&#x641;&#x647;&#x64A;&#x645; &#x6A9;&#x649; &#x62D;&#x6A9;&#x645;&#x62A; &#x639;&#x645;&#x644;&#x649;&#x200F;</subfield>
    <subfield code="d">&#x200F;(2015 :&#x200F;</subfield>
    <subfield code="c">&#x200F;&#x627;&#x633;&#x644;&#x627;&#x645;&#x200C;&#x622;&#x628;&#x627;&#x62F;&#x60C; &#x67E;&#x627;&#x6A9;&#x633;&#x62A;&#x627;&#x646;)</subfield>
  </datafield>
  <datafield tag="880" ind1="1" ind2="0">
    <subfield code="6">245-02/(3/r&#x200F;</subfield>
    <subfield code="a">&#x200F;&#x628;&#x64A;&#x646;&#x200C;&#x627;&#x644;&#x645;&#x633;&#x627;&#x644;&#x6A9; &#x647;&#x645; &#x622;&#x647;&#x646;&#x6AF;&#x649; &#x627;&#x648;&#x631; &#x627;&#x641;&#x647;&#x627;&#x645; &#x648; &#x62A;&#x641;&#x647;&#x64A;&#x645; &#x6A9;&#x649; &#x62D;&#x6A9;&#x645;&#x62A; &#x639;&#x645;&#x644;&#x649; /&#x200F;</subfield>
    <subfield code="c">&#x200F;&#x632;&#x64A;&#x631; &#x627;&#x62F;&#x627;&#x631;&#x62A;&#x60C; &#x645;&#x639;&#x635;&#x648;&#x645; &#x649;&#x633;&#x64A;&#x646; &#x632;&#x626;&#x649;&#x60C; &#x62D;&#x633;&#x646; &#x627;&#x644;&#x627;&#x645;&#x64A;&#x646;.</subfield>
  </datafield>
  <datafield tag="880" ind1=" " ind2=" ">
    <subfield code="6">250-03/(3/r&#x200F;</subfield>
    <subfield code="a">&#x200F;&#x637;&#x628;&#x639; &#x686;&#x647;&#x627;&#x631;&#x645;.</subfield>
  </datafield>
  <datafield tag="880" ind1=" " ind2="1">
    <subfield code="6">264-04/(3/r&#x200F;</subfield>
    <subfield code="a">&#x200F;&#x627;&#x633;&#x644;&#x627;&#x645;&#x200C;&#x622;&#x628;&#x627;&#x62F; :&#x200F;</subfield>
    <subfield code="b">&#x200F;&#x200F;&#x627;&#x642;&#x628;&#x627;&#x644; &#x628;&#x64A;&#x646;&#x200C;&#x627;&#x644;&#x627;&#x642;&#x648;&#x627;&#x645;&#x649; &#x627;&#x62F;&#x627;&#x631;&#x647; &#x628;&#x631;&#x627;&#x626;&#x6D2; &#x62A;&#x62D;&#x642;&#x64A;&#x642; &#x648; &#x645;&#x6A9;&#x627;&#x644;&#x645;&#x647;&#x60C;&#x200F;</subfield>
    <subfield code="c">&#x200F;&#x202A;2018&#x202C;.</subfield>
  </datafield>
  <datafield tag="880" ind1="1" ind2=" ">
    <subfield code="6">700-05/(3/r&#x200F;</subfield>
    <subfield code="a">&#x200F;&#x649;&#x633;&#x64A;&#x646; &#x632;&#x626;&#x649;&#x60C; &#x645;&#x639;&#x635;&#x648;&#x645;&#x60C;&#x200F;</subfield>
    <subfield code="d">&#x200F;1958-&#x200F;</subfield>
  </datafield>
  <datafield tag="880" ind1="1" ind2=" ">
    <subfield code="6">700-06/(3/r&#x200F;</subfield>
    <subfield code="a">&#x200F;&#x627;&#x645;&#x64A;&#x646;&#x60C; &#x62D;&#x633;&#x646;&#x60C;&#x200F;</subfield>
  </datafield>
  <datafield tag="880" ind1="2" ind2=" ">
    <subfield code="6">710-07/(3/r&#x200F;</subfield>
    <subfield code="a">&#x200F;International Islamic University (Isl&#x101;m&#x101;b&#x101;d, Pakistan).</subfield>
    <subfield code="b">&#x200F;&#x200F;&#x627;&#x642;&#x628;&#x627;&#x644; &#x628;&#x64A;&#x646;&#x200C;&#x627;&#x644;&#x627;&#x642;&#x648;&#x627;&#x645;&#x649; &#x627;&#x62F;&#x627;&#x631;&#x647; &#x628;&#x631;&#x627;&#x626;&#x6D2; &#x62A;&#x62D;&#x642;&#x64A;&#x642; &#x648; &#x645;&#x6A9;&#x627;&#x644;&#x645;&#x647;.</subfield>
  </datafield>
  <datafield tag="906" ind1=" " ind2=" ">
    <subfield code="a">0</subfield>
    <subfield code="b">ibc</subfield>
    <subfield code="c">origode</subfield>
    <subfield code="d">3</subfield>
    <subfield code="e">ncip</subfield>
    <subfield code="f">20</subfield>
    <subfield code="g">y-nonroman</subfield>
  </datafield>
  <datafield tag="942" ind1=" " ind2=" ">
    <subfield code="2">ddc</subfield>
    <subfield code="c">BK</subfield>
  </datafield>
  <datafield tag="952" ind1=" " ind2=" ">
    <subfield code="0">0</subfield>
    <subfield code="1">0</subfield>
    <subfield code="2">ddc</subfield>
    <subfield code="4">0</subfield>
    <subfield code="7">0</subfield>
    <subfield code="a">CL</subfield>
    <subfield code="b">CL</subfield>
    <subfield code="c">ISL</subfield>
    <subfield code="d">2018-10-30</subfield>
    <subfield code="l">0</subfield>
    <subfield code="o">297.8 MAS</subfield>
    <subfield code="p">CL-D-7</subfield>
    <subfield code="r">2019-01-10</subfield>
    <subfield code="w">2018-10-30</subfield>
    <subfield code="y">BK</subfield>
  </datafield>
  <datafield tag="952" ind1=" " ind2=" ">
    <subfield code="0">0</subfield>
    <subfield code="1">0</subfield>
    <subfield code="2">ddc</subfield>
    <subfield code="4">0</subfield>
    <subfield code="7">0</subfield>
    <subfield code="8">NFIC</subfield>
    <subfield code="a">CL</subfield>
    <subfield code="b">CL</subfield>
    <subfield code="c">ISL</subfield>
    <subfield code="d">2019-01-10</subfield>
    <subfield code="e">Donation</subfield>
    <subfield code="l">0</subfield>
    <subfield code="o">297.8 MAS</subfield>
    <subfield code="p">CL-D-297</subfield>
    <subfield code="r">2019-01-10</subfield>
    <subfield code="w">2019-01-10</subfield>
    <subfield code="y">BK</subfield>
  </datafield>
</record>
